Biomechanics of staircase exercises /
Saved in:
| Main Author: | |
|---|---|
| Format: | Thesis Book |
| Language: | English |
| Published: |
2010.
|
| Subjects: | |
| Online Access: | http://studentsrepo.um.edu.my/id/eprint/7483 |
| Tags: |
Add Tag
No Tags, Be the first to tag this record!
|
| LEADER | 01167cam a2200301 a 4500 | ||
|---|---|---|---|
| 001 | u853336 | ||
| 003 | SIRSI | ||
| 005 | 201203161805 | ||
| 008 | 120316s2010 my a t 000 0 eng m | ||
| 040 | |a UMM |d UMJ | ||
| 090 | |a R856.4 |b UM 2010 Alm | ||
| 097 | |a R856.4 |b UM 2010 Alm | ||
| 100 | 1 | |a Al-Mashagbeh, Sami Faris Mousa. | |
| 245 | 1 | 0 | |a Biomechanics of staircase exercises / |c Sami Faris Mousa Al-Mashagbeh. |
| 260 | |c 2010. | ||
| 300 | |a [ii] xv, 139 leaves : |b ill. ; |c 30 cm. | ||
| 502 | |a Dissertation (M.Eng.(BioMedic.) -- Jabatan Kejuruteraan Bioperubatan, Fakulti Kejuruteraan, Universiti Malaya, 2010. | ||
| 504 | |a Bibliography: leaves 120-125. | ||
| 650 | 0 | |a Exercise |x Physiological aspects. | |
| 650 | 0 | |a Biomechanics. | |
| 650 | 0 | |a Human mechanics. | |
| 650 | 0 | |a Exercise tests. | |
| 710 | 2 | |a Universiti Malaya. |b Jabatan Kejuruteraan Bioperubatan. | |
| 856 | 4 | 1 | |u http://studentsrepo.um.edu.my/id/eprint/7483 |
| 900 | |a US-ZA | ||
| 596 | |a 1 7 | ||
| 999 | |a R856.4 UM 2010 ALM |w LC |c 1 |i A513412511 |d 6/1/2014 |f 6/1/2014 |g 1 |l STACKS |m P01UTAMA |r Y |s Y |t TESIS |u 31/12/2013 | ||
| 999 | |a R856.4 UM 2010 ALM |w LC |c 1 |i A513413619 |l STACKS |m P07JURUTER |r N |s Y |t TESIS |u 3/4/2014 | ||
